| 000 | 00573nam a2200157Ia 4500 | ||
|---|---|---|---|
| 008 | 170221s9999 xx 000 0 und d | ||
| 100 | _aStarling D. Hunter III. | ||
| 245 | _aMoneyball for TV: A Model for Forecasting the Audience of New Dramatic Television Series | ||
| 245 | _cStarling D. Hunter III, Ravi Chinta, Susan Smith, Awais Shamim, Alya Bawazir. | ||
| 260 | _bStudies in Media and Communication | ||
| 260 | _c2014 | ||
| 300 | _aXII : 1 | ||
| 650 | _xCommunication | ||
| 650 | _xMedia Arts | ||
| 856 | _uhttp://redfame.com/journal/index.php/smc/issue/view/75 | ||
| 999 |
_c308748 _d308748 |
||